[Event "Reunion op 19th"]
[Site "St Denis"]
[Date "2017.10.19"]
[Round "4"]
[White "Ringayen, Rose May"]
[Black "Fondrat, Johan"]
[Result "1-0"]
[WhiteElo "1622"]
[BlackElo "1099"]
[PlyCount "33"]
[EventDate "2017.10.16"]
[EventType "swiss"]
[EventRounds "7"]
[EventCountry "RUF"]
[SourceTitle "CBM 181 Extra"]
[Source "ChessBase"]
[SourceDate "2017.12.12"]
[SourceVersion "1"]
[SourceVersionDate "2017.12.12"]
[SourceQuality "1"]

1. e4 e5 2. Nf3 d6 3. Nc3 Nf6 4. d4 Qe7 5. Bg5 Bg4 6. Nd5 Qe6 7. Nxc7+ Ke7 8. Nxe6 Kxe6 9. Bxf6 gxf6 10. dxe5 fxe5 11. Ng5+ Ke7 12. Qxg4 Rg8 13. Qf5 Rg7 14. Bc4 Nd7 15. 0-0 Nf6 16. Nxf7 b5 17. Qe6# 1-0

[Event "Reunion op 17th"]
[Site "St Denis"]
[Date "2015.10.10"]
[Round "4"]
[White "Rajaobelina, Hery"]
[Black "Ringayen, Rose May"]
[Result "0-1"]
[WhiteElo "1787"]
[BlackElo "1661"]
[PlyCount "70"]
[EventDate "2015.10.10"]
[EventType "swiss"]
[EventRounds "9"]
[EventCountry "RUF"]
[SourceTitle "CBM 168 Extra"]
[Source "ChessBase"]
[SourceDate "2015.10.29"]
[SourceVersion "1"]
[SourceVersionDate "2015.10.29"]
[SourceQuality "1"]

1. e4 e5 2. Nf3 Nc6 3. Bb5 a6 4. Ba4 Be7 5. 0-0 b5 6. Bb3 Nf6 7. Re1 0-0 8. c3 Bb7 9. d4 exd4 10. cxd4 Bb4 11. Nc3 d6 12. a3 Bxc3 13. bxc3 h6 14. e5 dxe5 15. Nxe5 Nxe5 16. Rxe5 Ne4 17. Qd3 c5 18. Qh3 Qc8 19. Qh5 Nf6 20. Qh4 cxd4 21. Bxh6 Qg4 22. Qxg4 Nxg4 23. Bxg7 Nxe5 24. Bxe5 d3 25. f3 Rfe8 26. Bd4 Re2 27. Bd1 Re1+ 28. Kf2 Rae8 29. g4 Bd5 30. a4 Bb3 31. axb5 axb5 32. Ra6 Bxd1 33. Rh6 R8e2+ 34. Kg3 Kf8 35. h4 Bb3 0-1

[Event "Reunion op 17th"]
[Site "St Denis"]
[Date "2015.10.10"]
[Round "3"]
[White "Ringayen, Rose May"]
[Black "Petry, Joachim"]
[Result "1-0"]
[WhiteElo "1661"]
[BlackElo "1399"]
[PlyCount "81"]
[EventDate "2015.10.10"]
[EventType "swiss"]
[EventRounds "9"]
[EventCountry "RUF"]
[SourceTitle "CBM 168 Extra"]
[Source "ChessBase"]
[SourceDate "2015.10.29"]
[SourceVersion "1"]
[SourceVersionDate "2015.10.29"]
[SourceQuality "1"]

1. e4 e5 2. Nf3 d6 3. Nc3 Nc6 4. d4 exd4 5. Nxd4 Nxd4 6. Qxd4 a6 7. Bc4 Nf6 8. 0-0 c5 9. Qd1 Be7 10. Nd5 0-0 11. Nxf6+ Bxf6 12. Qf3 Be6 13. Bxe6 fxe6 14. Qg4 Qe7 15. c3 b5 16. f4 Qf7 17. Be3 Rac8 18. Rad1 Rc6 19. e5 Be7 20. exd6 Bxd6 21. Rxd6 Rxd6 22. Bxc5 Rfd8 23. Bxd6 Rxd6 24. h3 Rd2 25. Rf2 h5 26. Qf3 Rd5 27. Qe3 a5 28. Rd2 Qd7 29. Rd4 Kf7 30. Rxd5 Qxd5 31. Qa7+ Kf6 32. Qxa5 Qd1+ 33. Kh2 Qa4 34. Qxa4 bxa4 35. b4 axb3 36. axb3 e5 37. fxe5+ Kxe5 38. c4 Kd4 39. Kg3 g5 40. h4 g4 41. Kf4 1-0

[Event "FRA-ch U14 Girls"]
[Site "Saint Paul Trois Chateaux"]
[Date "2013.05.05"]
[Round "8"]
[White "Leriche, Ines"]
[Black "Ringayen, Rose May"]
[Result "1-0"]
[WhiteElo "1761"]
[BlackElo "1560"]
[PlyCount "135"]
[EventDate "2013.04.28"]
[EventType "swiss"]
[EventRounds "9"]
[EventCountry "FRA"]
[SourceTitle "CBM 154 Extra"]
[Source "ChessBase"]
[SourceDate "2013.06.25"]
[SourceVersion "2"]
[SourceVersionDate "2013.06.25"]
[SourceQuality "1"]

1. d4 d5 2. c4 e6 3. Nc3 Nf6 4. cxd5 exd5 5. Bg5 Be7 6. e3 0-0 7. Bd3 h6 8. Bh4 Be6 9. Nge2 c5 10. dxc5 Bxc5 11. 0-0 Nbd7 12. Rc1 Rc8 13. Na4 Bd6 14. Bg3 Ne5 15. Bb1 Rxc1 16. Qxc1 Nh5 17. Nd4 Nxg3 18. hxg3 a6 19. Qc2 g6 20. f4 Bg4 21. fxe5 Bxe5 22. Qf2 Qd6 23. Ne2 Bxe2 24. Qxe2 Bxg3 25. Qf3 d4 26. Rd1 Qb4 27. Qxg3 Qxa4 28. Rxd4 Qc6 29. Qe1 Re8 30. Qd2 Qe6 31. Rd8 Rxd8 32. Qxd8+ Kg7 33. Qd4+ Qf6 34. Qxf6+ Kxf6 35. Kf2 Ke5 36. Kf3 b6 37. Bc2 a5 38. Bb3 f6 39. Bf7 g5 40. e4 f5 41. exf5 Kxf5 42. g4+ Ke5 43. Ke3 Kf6 44. Be8 Ke5 45. Kd3 Kd5 46. Bf7+ Kc6 47. Ke4 Kd6 48. Kf5 Ke7 49. Bb3 b5 50. Kg6 a4 51. Bd5 b4 52. Kxh6 a3 53. bxa3 bxa3 54. Kxg5 Kd6 55. Bb3 Ke7 56. Kf5 Kf8 57. g5 Ke7 58. g6 Kd6 59. g7 Kc5 60. g8Q Kc6 61. Qd5+ Kb6 62. Ke5 Kc7 63. Qd6+ Kb7 64. Kd5 Kc8 65. Kc5 Kb7 66. Qc6+ Kb8 67. Bd5 Ka7 68. Qb7# 1-0

[Event "Reunion op 14th"]
[Site "St Denis"]
[Date "2012.10.12"]
[Round "8"]
[White "Strate, Wolfgang"]
[Black "Ringayen, Rose May"]
[Result "1-0"]
[WhiteElo "1689"]
[BlackElo "1567"]
[PlyCount "73"]
[EventDate "2012.10.06"]
[EventType "swiss"]
[EventRounds "9"]
[EventCountry "RUF"]
[SourceTitle "EXT 2013"]
[Source "ChessBase"]
[SourceDate "2012.11.22"]
[SourceVersion "1"]
[SourceVersionDate "2012.11.22"]
[SourceQuality "1"]

1. d4 d5 2. e4 dxe4 3. Nc3 Nf6 4. f3 exf3 5. Nxf3 e6 6. Bc4 Bb4 7. 0-0 Bxc3 8. bxc3 0-0 9. Ne5 Qd6 10. a4 c5 11. Ba3 Rd8 12. Rxf6 b6 13. Nxf7 Qe7 14. Nxd8 Qxf6 15. Qf3 Qxf3 16. gxf3 cxd4 17. Nxe6 Bxe6 18. Bxe6+ Kh8 19. Bd5 Nc6 20. Re1 dxc3 21. Bxc6 Rc8 22. Bd7 Rd8 23. Bd6 h6 24. Re8+ Rxe8 25. Bxe8 Kg8 26. Kf2 g5 27. Ke3 Kg7 28. Ke4 Kf6 29. Bd7 a6 30. Kd5 Kg6 31. Ke5 b5 32. Be8+ Kg7 33. Ke6 bxa4 34. Be5+ Kf8 35. Bf7 a3 36. Kf6 a5 37. Bd6# 1-0

[Event "Reunion op 14th"]
[Site "St Denis"]
[Date "2012.10.06"]
[Round "1"]
[White "Ringayen, Rose May"]
[Black "Linder, Oliver"]
[Result "0-1"]
[WhiteElo "1567"]
[BlackElo "1980"]
[PlyCount "120"]
[EventDate "2012.10.06"]
[EventType "swiss"]
[EventRounds "9"]
[EventCountry "RUF"]
[SourceTitle "EXT 2013"]
[Source "ChessBase"]
[SourceDate "2012.11.22"]
[SourceVersion "1"]
[SourceVersionDate "2012.11.22"]
[SourceQuality "1"]

1. e4 e6 2. d4 d5 3. exd5 exd5 4. c4 Nf6 5. Nc3 Bb4 6. a3 Bxc3+ 7. bxc3 0-0 8. Nf3 Re8+ 9. Be3 Ng4 10. Qd2 c6 11. Bd3 Nd7 12. 0-0 Ndf6 13. Bg5 h6 14. Bxf6 Nxf6 15. Rae1 Be6 16. Nh4 dxc4 17. Bf5 Bxf5 18. Nxf5 Qd7 19. Qf4 Rxe1 20. Rxe1 Re8 21. Rxe8+ Nxe8 22. Qg4 Qe6 23. Ne3 Qxg4 24. Nxg4 f6 25. Ne3 Nd6 26. f4 Kf7 27. g4 b5 28. f5 Ke7 29. d5 Kd7 30. h4 Ne4 31. dxc6+ Kxc6 32. Nd1 Kd5 33. Kg2 Ke5 34. Kf3 Nd2+ 35. Ke3 Nb1 36. a4 bxa4 37. Nb2 a3 38. Nxc4+ Kd5 39. Na5 a2 40. c4+ Kc5 41. Nb3+ Kxc4 42. Na1 Kc3 43. Kf4 Kb2 44. g5 Kxa1 45. gxf6 gxf6 46. Kg4 Nd2 47. Kh5 Nf3 48. Kxh6 Nxh4 49. Kg7 Kb1 50. Kxf6 a1Q+ 51. Ke6 Qa6+ 52. Ke5 Qb5+ 53. Ke6 Qxf5+ 54. Kd6 Ng6 55. Kc6 Qe6+ 56. Kc5 Nf4 57. Kb4 Qc6 58. Kb3 Nd5 59. Ka3 Qb6 60. Ka4 Qb4# 0-1